[Event "St-Chély d'Aubrac op"]
[Site "Saint-Chély d'Aubrac (12)"]
[Date "2008.07.17"]
[Round "7.19"]
[White "Roignot, Vincent"]
[Black "De Biasi, Robert"]
[Result "0-1"]
[WhiteElo "1540"]
[BlackElo "1799"]
[PlyCount "106"]
[EventDate "2008.07.??"]
[EventType "swiss"]
[EventRounds "9"]
[EventCountry "FRA"]

1. e4 c5 2. Nf3 d6 3. d4 cxd4 4. Nxd4 Nf6 5. Nc3 g6 6. Bg5 Bg7 7. Bc4 O-O 8.
Nf3 Nc6 9. h3 Bd7 10. O-O a6 11. Qd2 Re8 12. Rfe1 Rc8 13. Bb3 Na5 14. e5 Nxb3
15. axb3 dxe5 16. Nxe5 Be6 17. Rad1 Qa5 18. Nf3 Rcd8 19. Qe2 Nd5 20. Nxd5 Rxd5
21. Rxd5 Qxd5 22. c4 Qa5 23. Rd1 Qc7 24. Bd2 Bxb2 25. g3 Bg7 26. Ng5 Bc8 27.
Qf3 Bf6 28. Ne4 Bg7 29. Ng5 e5 30. h4 h5 31. Ba5 Qe7 32. Bb4 Qf6 33. Qd5 Bf8
34. Bxf8 Rxf8 35. Re1 Re8 36. Nf3 e4 37. Rxe4 Rd8 38. Qg5 Rd1+ 39. Kg2 Kg7 40.
Qxf6+ Kxf6 41. c5 Bd7 42. Rf4+ Kg7 43. Ne5 Be6 44. b4 Bd5+ 45. f3 Rd2+ 46. Kf1
Rc2 47. Kg1 Be6 48. Kh1 Rc3 49. Rd4 Kf6 50. Nd3 Bf5 51. Nf4 Rxf3 52. Kg2 Rb3
53. Rd8 Be4+ 0-1

[Event "St-Chély d'Aubrac op"]
[Site "Saint-Chély d'Aubrac (12)"]
[Date "2008.07.17"]
[Round "7.20"]
[White "Barillet, Lucien"]
[Black "Seewer, Kevin"]
[Result "1-0"]
[WhiteElo "1750"]
[BlackElo "1399"]
[PlyCount "77"]
[EventDate "2008.07.??"]
[EventType "swiss"]
[EventRounds "9"]
[EventCountry "FRA"]

1. c4 e6 2. Nf3 d5 3. cxd5 exd5 4. d4 Nf6 5. Nc3 Bb4 6. a3 Bxc3+ 7. bxc3 O-O 8.
Bg5 Bg4 9. e3 h6 10. Bh4 Nbd7 11. c4 c6 12. Bd3 Qa5+ 13. Qd2 Qxd2+ 14. Nxd2
dxc4 15. Nxc4 Nd5 16. Rb1 b6 17. O-O Nc3 18. Rb2 Be6 19. Rc1 Bxc4 20. Bxc4 Nd5
21. Bd3 Rfe8 22. Rxc6 N5f6 23. Rbc2 g5 24. Bg3 Ne4 25. Rc7 Nxg3 26. hxg3 Nf6
27. Bf5 Ne4 28. Bg4 Nf6 29. Be2 Nd5 30. R7c6 Kg7 31. Bf3 Nf6 32. Rc7 Rad8 33.
Be2 a5 34. Bb5 Rf8 35. a4 Nd5 36. R7c4 Ne7 37. e4 f5 38. Rc7 Kf6 39. e5+ 1-0

[Event "St-Chély d'Aubrac op"]
[Site "Saint-Chély d'Aubrac (12)"]
[Date "2008.07.17"]
[Round "7.21"]
[White "Veys, Vincent"]
[Black "Saucey, Capucine"]
[Result "0-1"]
[WhiteElo "1530"]
[BlackElo "1770"]
[PlyCount "96"]
[EventDate "2008.07.??"]
[EventType "swiss"]
[EventRounds "9"]
[EventCountry "FRA"]

1. e4 b6 2. d4 g6 3. Nc3 Bg7 4. Nf3 Bb7 5. Bc4 Nf6 6. Bd3 O-O 7. O-O d5 8. exd5
Nxd5 9. Nxd5 Bxd5 10. Be3 Nc6 11. c4 Bxf3 12. Qxf3 Nxd4 13. Qh3 e5 14. Rad1 c5
15. b3 f5 16. Rfe1 Qf6 17. f3 Rad8 18. Bc1 Rd6 19. Qg3 Rfd8 20. Bg5 Qf8 21.
Bxd8 Qxd8 22. Bf1 Bf6 23. Qf2 Bh4 24. g3 Bf6 25. Bg2 Nc6 26. Rxd6 Qxd6 27. Qe2
Nd4 28. Qd1 Kf8 29. Kf2 Ke7 30. Qd2 Kf8 31. Rd1 Kg8 32. h4 f4 33. Rh1 fxg3+ 34.
Kxg3 Nf5+ 35. Kh2 Qxd2 36. a4 Ne3 37. Rg1 Bxh4 38. Kh1 Qxg2+ 39. Rxg2 Nxg2 40.
Kxg2 Kf7 41. Kh3 Be1 42. Kg4 Kf6 43. Kh3 Kf5 44. Kg2 Kf4 45. a5 Bxa5 46. Kf2 h5
47. Kg2 h4 48. Kf2 h3 0-1

[Event "St-Chély d'Aubrac op"]
[Site "Saint-Chély d'Aubrac (12)"]
[Date "2008.07.17"]
[Round "7.22"]
[White "Caparros, Nina"]
[Black "Griggio, Julie"]
[Result "0-1"]
[WhiteElo "1199"]
[BlackElo "1760"]
[PlyCount "70"]
[EventDate "2008.07.??"]
[EventType "swiss"]
[EventRounds "9"]
[EventCountry "FRA"]

1. e4 e6 2. d4 d5 3. e5 c5 4. c3 Nc6 5. Nf3 Qb6 6. Be2 cxd4 7. cxd4 Bb4+ 8. Nc3
Nge7 9. O-O O-O 10. a3 Bxc3 11. bxc3 Bd7 12. Qc2 Rac8 13. Bd3 Ng6 14. Bxg6 fxg6
15. Be3 Ne7 16. Nd2 Nf5 17. Rab1 Qc7 18. Qb3 b6 19. Rbc1 Qb7 20. c4 dxc4 21.
Nxc4 Qd5 22. Rc3 Nxd4 23. Bxd4 Qxd4 24. Rd3 Qxc4 25. Qxc4 Rxc4 26. Rxd7 Ra4 27.
Re7 Rxa3 28. Rxe6 Kf7 29. Rc6 Re8 30. f4 b5 31. f5 gxf5 32. Rxf5+ Kg8 33. Rc7
Rf8 34. Rg5 Ra1+ 35. Rc1 Rxc1# 0-1

[Event "St-Chély d'Aubrac op"]
[Site "Saint-Chély d'Aubrac (12)"]
[Date "2008.07.17"]
[Round "7.24"]
[White "Meyer, Bernard"]
[Black "Causse, Michel"]
[Result "1-0"]
[WhiteElo "1370"]
[BlackElo "1380"]
[PlyCount "47"]
[EventDate "2008.07.??"]
[EventType "swiss"]
[EventRounds "9"]
[EventCountry "FRA"]

1. d4 d5 2. c4 e6 3. Nc3 Nf6 4. Nf3 Nbd7 5. Bg5 c5 6. e3 h6 7. Bxf6 Nxf6 8. Bd3
Be7 9. O-O a6 10. Ne5 dxc4 11. Bxc4 b5 12. Be2 Bb7 13. Bf3 Bxf3 14. Qxf3 O-O
15. Rfd1 Nd5 16. dxc5 Qc7 17. Nxd5 exd5 18. Rxd5 Rad8 19. Rxd8 Rxd8 20. Qxf7+
Kh8 21. Ng6+ Kh7 22. Qxe7 Rd7 23. Qe4 (23. Qxd7 Qxd7 24. Nf8+) 23... Qd8 24.
Nf8+ 1-0

[Event "St-Chély d'Aubrac op"]
[Site "Saint-Chély d'Aubrac (12)"]
[Date "2008.07.17"]
[Round "7.25"]
[White "Saucey, Milena"]
[Black "Nusse, Melchior"]
[Result "1/2-1/2"]
[WhiteElo "1580"]
[BlackElo "1250"]
[PlyCount "79"]
[EventDate "2008.07.??"]
[EventType "swiss"]
[EventRounds "9"]
[EventCountry "FRA"]

1. e4 e5 2. Nf3 Nc6 3. Bc4 Bc5 4. c3 Nf6 5. d3 h6 6. Nbd2 O-O 7. O-O d6 8. Re1
Bg4 9. h3 Bxf3 10. Qxf3 a6 11. Bb3 b5 12. a3 a5 13. Nf1 b4 14. Qg3 Kh8 15. Nh2
Nh5 16. Qf3 Qf6 17. Qxf6 Nxf6 18. Be3 Bxe3 19. Rxe3 bxc3 20. bxc3 a4 21. Bc4
Na5 22. Ba2 Nb3 23. Rb1 Na5 24. Re2 Nd7 25. Rb4 Nc6 26. Rb7 Rfc8 27. Bd5 Ne7
28. Rb4 Ra5 29. Bc4 Nb6 30. Reb2 Nxc4 31. dxc4 Nc6 32. Rb5 Rxb5 33. cxb5 Na7
34. c4 Ra8 35. Ng4 Nc8 36. Ne3 Ne7 37. Nd1 Nc8 38. Nc3 Nb6 39. Kf1 Nxc4 40. Ra2
1/2-1/2

[Event "St-Chély d'Aubrac op"]
[Site "Saint-Chély d'Aubrac (12)"]
[Date "2008.07.17"]
[Round "7.27"]
[White "Muheim, Jane"]
[Black "Schneider, Alec"]
[Result "0-1"]
[WhiteElo "1190"]
[BlackElo "1199"]
[PlyCount "102"]
[EventDate "2008.07.??"]
[EventType "swiss"]
[EventRounds "9"]
[EventCountry "FRA"]

1. d4 d5 2. c4 e6 3. Nf3 Nf6 4. e3 c5 5. Bd3 Nc6 6. O-O b6 7. Nbd2 Bb7 8. b3
Bd6 9. Bb2 O-O 10. Qc2 h6 11. h3 Nb4 12. Qc3 Nxd3 13. Qxd3 Ne4 14. a3 Qc7 15.
Ne5 Nxd2 16. Qxd2 Rad8 17. a4 Bxe5 18. dxe5 dxc4 19. Qc3 cxb3 20. Qxb3 Qc6 21.
f3 c4 22. Qb5 Qd5 23. Bd4 Rc8 24. Bc3 Rfd8 25. Rfd1 Qc6 26. Rd4 Rxd4 27. exd4
a6 28. Qb1 b5 29. a5 Qd5 30. Qb4 f6 31. exf6 gxf6 32. Re1 Kf7 33. Qb2 f5 34.
Re5 Qd8 35. Qc1 Qh4 36. Qe1 Qxe1+ 37. Rxe1 Rg8 38. Kf2 Bd5 39. Rg1 Rb8 40. Rb1
Kf6 41. h4 Kg6 42. Re1 b4 43. Bb2 c3 44. g4 cxb2 45. Rb1 fxg4 46. fxg4 Rf8+ 47.
Ke2 Bf3+ 48. Ke3 Bxg4 49. Rg1 h5 50. Ke4 Rc8 51. Ke5 Rc1 0-1

[Event "St-Chély d'Aubrac op"]
[Site "Saint-Chély d'Aubrac (12)"]
[Date "2008.07.18"]
[Round "8.1"]
[White "Degraeve, Jean-Marc"]
[Black "Karpatchev, Aleksandr"]
[Result "1/2-1/2"]
[WhiteElo "2523"]
[BlackElo "2460"]
[PlyCount "34"]
[EventDate "2008.07.??"]
[EventType "swiss"]
[EventRounds "9"]
[EventCountry "FRA"]

1. e4 e5 2. Nf3 Nc6 3. Bb5 a6 4. Ba4 Nf6 5. O-O Be7 6. Re1 b5 7. Bb3 d6 8. c3
O-O 9. h3 Na5 10. Bc2 d5 11. exd5 e4 12. Bxe4 Nxe4 13. Rxe4 Bb7 14. d4 Bf6 15.
Bf4 Qxd5 16. Re1 Nc4 17. Qc2 c5 1/2-1/2

[Event "St-Chély d'Aubrac op"]
[Site "Saint-Chély d'Aubrac (12)"]
[Date "2008.07.18"]
[Round "8.2"]
[White "Riff, Jean-Noel"]
[Black "Saucey, Michel"]
[Result "1-0"]
[WhiteElo "2481"]
[BlackElo "2348"]
[PlyCount "61"]
[EventDate "2008.07.??"]
[EventType "swiss"]
[EventRounds "9"]
[EventCountry "FRA"]

1. e4 g6 2. d4 Bg7 3. Nc3 d6 4. Be3 a6 5. Qd2 Nd7 6. h4 h5 7. Nh3 b5 8. Ng5 c6
9. f3 Bb7 10. Bd3 Ngf6 11. a4 O-O 12. axb5 axb5 13. O-O e5 14. dxe5 dxe5 15.
Rxa8 Qxa8 16. Ne2 Qa4 17. Nc1 Qa8 18. Nb3 Qb8 19. Ra1 Qc7 20. c4 c5 21. cxb5 c4
22. Rc1 Nb6 23. Bf1 Rc8 24. Na5 Bf8 25. Kh2 Nh7 26. Nxf7 Kxf7 27. Nxb7 Qxb7 28.
Bxb6 Qxb6 29. Qd7+ Be7 30. Qxc8 Bxh4 31. Qxc4+ 1-0

[Event "St-Chély d'Aubrac op"]
[Site "Saint-Chély d'Aubrac (12)"]
[Date "2008.07.18"]
[Round "8.3"]
[White "Muheim, Sebastien"]
[Black "Sokolov, Andrei"]
[Result "0-1"]
[WhiteElo "2013"]
[BlackElo "2561"]
[PlyCount "96"]
[EventDate "2008.07.??"]
[EventType "swiss"]
[EventRounds "9"]
[EventCountry "FRA"]

1. d4 Nf6 2. c4 e6 3. Nc3 Bb4 4. a3 Bxc3+ 5. bxc3 b6 6. f3 Ba6 7. e4 Nc6 8. Bd3
Na5 9. Qe2 d6 10. f4 Nb3 11. Rb1 Nxc1 12. Rxc1 e5 13. fxe5 dxe5 14. Nf3 Nd7 15.
O-O O-O 16. Qf2 Qf6 17. Qg3 Qg6 18. Qh3 Qe6 19. Qxe6 fxe6 20. Ng5 Rae8 21.
Rxf8+ Nxf8 22. d5 h6 23. Nf3 Nd7 24. Re1 Kf7 25. Bf1 Ke7 26. Kf2 g5 27. h3 Rf8
28. Ke3 Kd6 29. Rd1 Nc5 30. dxe6+ Kxe6 31. Rd5 Nd7 32. Be2 Bb7 33. Rd1 Nc5 34.
Nd2 Ke7 35. Rf1 Rxf1 36. Bxf1 Bc8 37. Be2 Be6 38. Bd1 Kd6 39. Bc2 Nb7 40. Bb3
Kc5 41. Nf3 Na5 42. Ba2 Bxc4 43. Bxc4 Nxc4+ 44. Kd3 b5 45. a4 bxa4 46. Kc2 Ne3+
47. Kd3 Nxg2 48. Nxe5 Nf4+ 0-1

[Event "St-Chély d'Aubrac op"]
[Site "Saint-Chély d'Aubrac (12)"]
[Date "2008.07.18"]
[Round "8.4"]
[White "Netzer, Jacques"]
[Black "Stepenko, Roman"]
[Result "1-0"]
[WhiteElo "2116"]
[BlackElo "1580"]
[PlyCount "95"]
[EventDate "2008.07.??"]
[EventType "swiss"]
[EventRounds "9"]
[EventCountry "FRA"]

1. e4 c5 2. Nf3 d6 3. d4 cxd4 4. Nxd4 Nf6 5. Nc3 e6 6. Be3 Be7 7. f3 a6 8. Qd2
Nc6 9. O-O-O Nxd4 10. Bxd4 e5 11. Be3 b5 12. g4 Bb7 13. g5 Nh5 14. h4 Ng3 15.
Rg1 Nxf1 16. Rdxf1 Rc8 17. h5 Qc7 18. g6 hxg6 19. hxg6 f6 20. Rh1 Kd7 21. Rh7
Qc4 22. Rfh1 Rxh7 23. gxh7 Rh8 24. Nd5 Bxd5 25. b3 Qc6 26. exd5 Qc8 27. Qg2 Qc3
28. Bb6 f5 29. Kb1 Bf6 30. Qg6 Ke7 (30... Kc8 31. Qxf5+ Kb7 32. Bf2 e4 33. Qd7+
) 31. Qxf5 e4 32. Qe6+ Kf8 33. Qxd6+ Kf7 34. Qe6+ Kf8 35. Qd6+ Kf7 36. Qc7+
Qxc7 37. Bxc7 exf3 38. d6 Ke8 39. Kc1 Kd7 40. Kd2 Be5 41. Ke3 Bxd6 42. Bxd6
Kxd6 43. Kxf3 Ke6 44. Kg4 Kf6 45. c4 bxc4 46. bxc4 g6 47. c5 Kg7 48. c6 1-0

[Event "St-Chély d'Aubrac op"]
[Site "Saint-Chély d'Aubrac (12)"]
[Date "2008.07.18"]
[Round "8.5"]
[White "Muller, Anne"]
[Black "Kiecken, Jean-Marc"]
[Result "1-0"]
[WhiteElo "2179"]
[BlackElo "1978"]
[PlyCount "119"]
[EventDate "2008.07.??"]
[EventType "swiss"]
[EventRounds "9"]
[EventCountry "FRA"]

1. e4 Nf6 2. e5 Nd5 3. d4 d6 4. Nf3 Bg4 5. Be2 e6 6. h3 Bh5 7. c4 Nb6 8. exd6
cxd6 9. Nc3 Be7 10. O-O O-O 11. b3 d5 12. c5 N6d7 13. Bf4 Nc6 14. a3 b6 15. b4
a6 16. Rc1 Bxf3 17. Bxf3 Bf6 18. Ne2 bxc5 19. bxc5 Qa5 20. Bd6 Rfc8 21. Qd3 Qa4
22. Rfd1 Ra7 23. Rb1 g6 24. Qe3 Bg7 25. h4 Na5 26. Nc3 Qc2 27. Rdc1 Qf5 28. g4
Qf6 29. Bxd5 Qxd4 30. Qxd4 Bxd4 31. Bg2 Bxc5 32. Ne4 Rb7 33. Nxc5 Rxb1 34. Rxb1
Nxc5 35. Rc1 Nab3 36. Rc3 f5 37. Bb7 Rd8 38. Bxc5 Nxc5 39. Rxc5 Rd4 40. gxf5
gxf5 41. Bc8 Kf7 42. Rc6 Rxh4 43. Bxe6+ Kf6 44. Rxa6 Ke5 45. Bd7 f4 46. f3 Kd4
47. Rb6 Rh5 48. a4 Rc5 49. Rb4+ Ke5 50. Re4+ Kd6 51. Bb5 Rf5 52. Rc4 h5 53. Rc8
Rg5+ 54. Kf2 Kd5 55. Rf8 Ke5 56. Rh8 Kd4 57. Rf8 Ke5 58. a5 Kd6 59. a6 Rg7 60.
Rxf4 1-0

[Event "St-Chély d'Aubrac op"]
[Site "Saint-Chély d'Aubrac (12)"]
[Date "2008.07.18"]
[Round "8.6"]
[White "Labarthe, Arnaud"]
[Black "Furrer, Marc"]
[Result "0-1"]
[WhiteElo "1899"]
[BlackElo "2121"]
[PlyCount "84"]
[EventDate "2008.07.??"]
[EventType "swiss"]
[EventRounds "9"]
[EventCountry "FRA"]

1. d4 d5 2. Bf4 Bg4 3. Qd3 Nc6 4. c3 Nf6 5. Qg3 Qd7 6. h3 Bf5 7. Qh2 Bxb1 8.
Rxb1 Qf5 9. Rc1 Ne4 10. g4 Qf6 11. f3 Qh4+ 12. Kd1 Nf2+ 13. Kc2 Nxh1 14. Qxh1
h5 15. Qg2 Qf6 16. e3 e5 17. g5 Qe6 18. dxe5 d4 19. Kb1 dxc3 20. Rxc3 Nb4 21.
Bc4 Qf5+ 22. Ka1 O-O-O 23. Qe2 Qd7 24. Bb3 Qd2 25. e6 Rd3 26. Rxc7+ Kd8 27.
Qxd2 Rxd2 28. Rc1 Nd3 29. Rc4 Nxf4 30. exf4 Rg2 31. Rd4+ Kc7 32. Rd1 Bc5 33.
Rd7+ Kc8 34. a3 Rd8 35. Rxf7 Rxg1+ 36. Ka2 Re1 37. f5 Rd2 38. Ba4 Bd4 39. Kb3
Rc1 40. Bd7+ Kc7 41. Bb5+ Kb6 42. a4 Rxb2+ 0-1

[Event "St-Chély d'Aubrac op"]
[Site "Saint-Chély d'Aubrac (12)"]
[Date "2008.07.18"]
[Round "8.7"]
[White "Lagunes, Jean-Renaud"]
[Black "Nass, Emile"]
[Result "0-1"]
[WhiteElo "2047"]
[BlackElo "2105"]
[PlyCount "94"]
[EventDate "2008.07.??"]
[EventType "swiss"]
[EventRounds "9"]
[EventCountry "FRA"]

1. e4 e6 2. d4 d5 3. Nc3 Nf6 4. Bg5 Bb4 5. e5 h6 6. exf6 hxg5 7. fxg7 Rg8 8. h4
Nc6 9. hxg5 Qxg5 10. Nf3 Qxg7 11. Rh5 Bd7 12. Qd3 O-O-O 13. O-O-O Rh8 14. Rxh8
Rxh8 15. Re1 Rh1 16. a3 Be7 17. Ne2 Bd6 18. Qc3 Ne7 19. Ne5 Bb5 20. Ng3 Bxf1
21. Nxh1 Bxe5 22. dxe5 Qh6+ 23. Qe3 Qxh1 24. Qxa7 Qxg2 25. Qa8+ Kd7 26. Qxb7
Qxf2 27. Qb4 Nc6 28. Qd2 Qxd2+ 29. Kxd2 Bg2 30. c3 Be4 31. a4 Nxe5 32. Ra1 Nc4+
33. Kc1 Na5 34. Kd1 f5 35. b4 Nc4 36. a5 Kc8 37. Ke2 Kb7 38. Rg1 f4 39. Rg7 f3+
40. Kf2 Nb2 41. Ke1 Nd3+ 42. Kf1 Bf5 43. Rg3 f2 44. Rf3 Ka6 45. Rg3 c5 46. bxc5
Kxa5 47. Rf3 Kb5 0-1

[Event "St-Chély d'Aubrac op"]
[Site "Saint-Chély d'Aubrac (12)"]
[Date "2008.07.18"]
[Round "8.8"]
[White "Roignot, Pierre"]
[Black "Marie, Olivier"]
[Result "1-0"]
[WhiteElo "2029"]
[BlackElo "1520"]
[PlyCount "45"]
[EventDate "2008.07.??"]
[EventType "swiss"]
[EventRounds "9"]
[EventCountry "FRA"]

1. e4 e5 2. d4 exd4 3. Qxd4 Nf6 4. Nc3 Nc6 5. Qe3 Be7 6. Bd2 d5 7. exd5 Nxd5 8.
Qg3 Bf5 9. O-O-O Nxc3 10. Bxc3 Qxd1+ 11. Kxd1 O-O-O+ 12. Kc1 Rd7 13. Bd3 Bxd3
14. cxd3 Rhd8 15. Kc2 Rd5 16. Ne2 g5 17. Rd1 h5 18. Qf3 Rc5 19. Kb1 Rb5 20.
Qxf7 Rd6 21. Nd4 Nxd4 22. Bxd4 Rxd4 23. Qe8+ 1-0

[Event "St-Chély d'Aubrac op"]
[Site "Saint-Chély d'Aubrac (12)"]
[Date "2008.07.18"]
[Round "8.9"]
[White "Huin, Eric"]
[Black "Desboeufs, Alexandre"]
[Result "0-1"]
[WhiteElo "1956"]
[BlackElo "2026"]
[PlyCount "109"]
[EventDate "2008.07.??"]
[EventType "swiss"]
[EventRounds "9"]
[EventCountry "FRA"]

1. Nf3 d5 2. d4 e6 3. Bf4 Bd6 4. Bxd6 Qxd6 5. Nc3 Nf6 6. e3 O-O 7. Be2 c5 8.
O-O Bd7 9. Ne5 cxd4 10. exd4 a6 11. Bd3 Nc6 12. Nxc6 Bxc6 13. f4 Qb4 14. Kh1
Qxb2 15. Qd2 Ne4 16. Bxe4 dxe4 17. Rfb1 Qa3 18. Rb3 Qd6 19. Qe3 f5 20. Rd1 Rfd8
21. Ne2 Bd5 22. Rb2 Rac8 23. Rdb1 Rc4 24. Rb6 Qc7 25. c3 Ra4 26. R6b2 Rxa2 27.
Rxa2 Bxa2 28. Rb2 Bd5 29. h3 Rc8 30. g4 Qa5 31. Rc2 Qa1+ 32. Kh2 Bc4 33. Ng3
Bd3 34. Rg2 Rf8 35. gxf5 exf5 36. d5 Qxc3 37. Ne2 Qc4 38. d6 Qd5 39. Qb6 Bxe2
40. Rxe2 Qb5 41. Qf2 Rd8 42. Rb2 Qd5 43. Qb6 Qxd6 44. Qxb7 Qxf4+ 45. Kg2 Rd2+
46. Rxd2 Qxd2+ 47. Kg1 Qe1+ 48. Kg2 Qe2+ 49. Kg1 Qb5 50. Qc8+ Kf7 51. Qc7+ Kg6
52. Qd6+ Kh5 53. Qd1+ Kh4 54. Qe1+ Kxh3 55. Qf2 0-1

[Event "St-Chély d'Aubrac op"]
[Site "Saint-Chély d'Aubrac (12)"]
[Date "2008.07.18"]
[Round "8.10"]
[White "Joli, Laurent"]
[Black "Duffau, Pascal"]
[Result "1/2-1/2"]
[WhiteElo "1911"]
[BlackElo "2019"]
[PlyCount "119"]
[EventDate "2008.07.??"]
[EventType "swiss"]
[EventRounds "9"]
[EventCountry "FRA"]

1. e4 e6 2. d4 d5 3. exd5 exd5 4. Bd3 Bd6 5. Qf3 Nf6 6. Bg5 Bg4 7. Qe3+ Be6 8.
h3 O-O 9. Ne2 c5 10. dxc5 Qa5+ 11. Qd2 Qxd2+ 12. Nxd2 Bxc5 13. Bxf6 gxf6 14. f3
Nc6 15. c3 Rfe8 16. Kd1 a6 17. Nb3 Be3 18. f4 Rad8 19. f5 Bd7 20. Nbd4 Ne5 21.
Kc2 Rc8 22. Rad1 Nc4 23. Bxc4 Rxc4 24. Rhf1 b5 25. Rf3 b4 26. b3 Rc7 27. Rd3
Bh6 28. Nf4 Bxf4 29. Rxf4 Re1 30. Rg3+ Kh8 31. Rf2 a5 32. Kb2 Bc8 33. cxb4 axb4
34. Nc2 Re4 35. Rd3 Bxf5 36. Ne3 Bg6 37. Nxd5 Re1 38. Nxc7 Bxd3 39. a3 bxa3+
40. Kxa3 Kg7 41. b4 Re2 42. Rxe2 Bxe2 43. b5 Bf1 44. b6 Bxg2 45. Na6 Kg6 46.
Kb3 Kg5 47. Nc5 Kh4 48. b7 Bxb7 49. Nxb7 Kxh3 50. Nd6 h5 51. Kc3 h4 52. Kd3 Kg2
53. Ke2 h3 54. Ne4 h2 55. Nf2 f5 56. Nh1 f4 57. Nf2 f5 58. Nh1 f3+ 59. Ke1 f4
60. Nf2 1/2-1/2

[Event "St-Chély d'Aubrac op"]
[Site "Saint-Chély d'Aubrac (12)"]
[Date "2008.07.18"]
[Round "8.12"]
[White "Lagunes, Robin"]
[Black "Rabier, Jean"]
[Result "0-1"]
[WhiteElo "1825"]
[BlackElo "1914"]
[PlyCount "68"]
[EventDate "2008.07.??"]
[EventType "swiss"]
[EventRounds "9"]
[EventCountry "FRA"]

1. e4 c5 2. Nf3 d6 3. d4 cxd4 4. Nxd4 Nf6 5. Nc3 g6 6. Bg5 Bg7 7. Bb5+ Bd7 8.
Bxd7+ Nbxd7 9. f3 Rc8 10. Qd2 Ne5 11. Bxf6 Bxf6 12. Qh6 Qb6 13. Nb3 e6 14.
O-O-O Nc4 15. Rd3 a5 16. a4 Qb4 17. Rhd1 Nxb2 18. Kxb2 Rxc3 19. Rxc3 Qxc3+ 20.
Kc1 Qb2+ 21. Kd2 Bc3+ 22. Kd3 Bg7 23. Qd2 b6 24. Ke2 O-O 25. Rc1 Rd8 26. Qd1
Qe5 27. h3 Bf6 28. Kf1 d5 29. exd5 Rxd5 30. Qe2 Qh2 31. c3 Bh4 32. Qe3 Bg5 33.
Qxb6 Bxc1 34. Qb8+ Qxb8 0-1

[Event "St-Chély d'Aubrac op"]
[Site "Saint-Chély d'Aubrac (12)"]
[Date "2008.07.18"]
[Round "8.13"]
[White "Messinger, Karl"]
[Black "Tanguy, Fabien"]
[Result "0-1"]
[WhiteElo "1703"]
[BlackElo "2062"]
[PlyCount "56"]
[EventDate "2008.07.??"]
[EventType "swiss"]
[EventRounds "9"]
[EventCountry "FRA"]

1. e4 Nf6 2. e5 Nd5 3. d4 d6 4. exd6 exd6 5. Bc4 Qe7+ 6. Qe2 Nb6 7. Bb3 Nc6 8.
Qxe7+ Bxe7 9. Be3 O-O 10. Nc3 Bf5 11. O-O-O a5 12. a3 a4 13. Ba2 Na5 14. Nd5
Nxd5 15. Bxd5 c6 16. Bf3 d5 17. Be2 b5 18. Nf3 b4 19. axb4 Bxb4 20. Bd2 Bd6 21.
Bxa5 Rxa5 22. Nh4 Bd7 23. Bd3 a3 24. bxa3 Bf4+ 25. Kb2 Rb8+ 26. Ka2 Bd6 27. Bb5
Rxa3+ 28. Kb2 Rxb5+ 0-1

[Event "St-Chély d'Aubrac op"]
[Site "Saint-Chély d'Aubrac (12)"]
[Date "2008.07.18"]
[Round "8.14"]
[White "Guillaumat, Jean-Pierre"]
[Black "Barillet, Lucien"]
[Result "1-0"]
[WhiteElo "1969"]
[BlackElo "1750"]
[PlyCount "93"]
[EventDate "2008.07.??"]
[EventType "swiss"]
[EventRounds "9"]
[EventCountry "FRA"]

1. d4 Nf6 2. Nf3 g6 3. c4 Bg7 4. Nc3 d5 5. cxd5 Nxd5 6. e4 Nb6 7. Be3 O-O 8.
Be2 Nc6 9. h3 e5 10. d5 Nb8 11. O-O c6 12. Qb3 cxd5 13. exd5 N8d7 14. Rfd1 Kh8
15. Rac1 Re8 16. Nb5 Rf8 17. a4 a6 18. Nc7 Rb8 19. Bxb6 Nxb6 20. Qxb6 Qd7 21.
b3 e4 22. Nd4 Bxd4 23. Qxd4+ Kg8 24. Bg4 f5 25. Be2 Qd6 26. Qc5 Qe5 27. d6 Qxc5
28. Rxc5 Bd7 29. Bc4+ Kg7 30. Ne6+ Bxe6 31. Bxe6 Kf6 32. Bc4 Rbc8 33. Rxc8 Rxc8
34. d7 Rd8 35. Kf1 Ke7 36. Ke2 Rxd7 37. Rxd7+ Kxd7 38. Bg8 h6 39. Bh7 Ke6 40.
Bxg6 Ke5 41. Bf7 a5 42. g3 Kd4 43. Bc4 b6 44. Bf7 Ke5 45. Ke3 Kf6 46. Bc4 Ke5
47. Bg8 1-0

[Event "St-Chély d'Aubrac op"]
[Site "Saint-Chély d'Aubrac (12)"]
[Date "2008.07.18"]
[Round "8.15"]
[White "De Biasi, Robert"]
[Black "Carno, Matthias"]
[Result "0-1"]
[WhiteElo "1799"]
[BlackElo "1956"]
[PlyCount "44"]
[EventDate "2008.07.??"]
[EventType "swiss"]
[EventRounds "9"]
[EventCountry "FRA"]

1. c4 Nf6 2. Nc3 g6 3. e4 d6 4. d4 Bg7 5. Nf3 O-O 6. h3 e5 7. dxe5 dxe5 8. Qxd8
Rxd8 9. Nxe5 Nxe4 10. Nxe4 Bxe5 11. Be2 Nc6 12. O-O Bf5 13. Ng3 Nd4 14. Bd1 Bd3
15. Re1 Bxg3 16. fxg3 Bxc4 17. b3 Bb5 18. Bb2 c5 19. Rc1 b6 20. Bf3 Nxf3+ 21.
gxf3 Rd3 22. Kf2 Rd2+ 0-1

[Event "St-Chély d'Aubrac op"]
[Site "Saint-Chély d'Aubrac (12)"]
[Date "2008.07.18"]
[Round "8.16"]
[White "Boulier, Rene"]
[Black "Manser, Lucas"]
[Result "1-0"]
[WhiteElo "1924"]
[BlackElo "1740"]
[PlyCount "83"]
[EventDate "2008.07.??"]
[EventType "swiss"]
[EventRounds "9"]
[EventCountry "FRA"]

1. e4 c5 2. Nc3 Nc6 3. f4 d6 4. Nf3 Bd7 5. Bc4 g6 6. O-O Bg7 7. a3 a6 8. Qe1 b5
9. Bd5 e6 10. Bb3 Nge7 11. d3 O-O 12. Ne2 d5 13. c3 c4 14. Bc2 Qb6+ 15. Kh1 a5
16. Ng3 b4 17. axb4 axb4 18. Bd2 b3 19. Rxa8 Rxa8 20. Bb1 Qa6 21. dxc4 dxc4 22.
Be3 Rd8 23. Qf2 Nc8 24. f5 Nd6 25. fxg6 hxg6 26. Bc5 Nb7 27. Be3 Nd6 28. h4 Ne5
29. Nxe5 Bxe5 30. h5 Kg7 31. Bg5 Rh8 32. Bf6+ Bxf6 33. Qxf6+ Kg8 34. e5 Nf5 35.
Bxf5 gxf5 36. Qd8+ Kg7 37. Qxd7 Qb6 38. Qd2 Qc5 39. Qg5+ Kf8 40. Rd1 f6 41.
Qxf6+ Kg8 42. Rd8+ 1-0

[Event "St-Chély d'Aubrac op"]
[Site "Saint-Chély d'Aubrac (12)"]
[Date "2008.07.18"]
[Round "8.17"]
[White "Griggio, Jean-Paul"]
[Black "Mayet, Lucas"]
[Result "0-1"]
[WhiteElo "1798"]
[BlackElo "1695"]
[PlyCount "74"]
[EventDate "2008.07.??"]
[EventType "swiss"]
[EventRounds "9"]
[EventCountry "FRA"]

1. e4 c5 2. Nf3 d6 3. d4 cxd4 4. Nxd4 Nf6 5. Nc3 a6 6. Be2 e6 7. Be3 Be7 8. O-O
O-O 9. Kh1 b5 10. a3 Bb7 11. f3 Nbd7 12. Qe1 d5 13. exd5 Nxd5 14. Nxd5 Bxd5 15.
Qf2 Nf6 16. Rfd1 Qc7 17. Rac1 Bd6 18. Qh4 Be7 19. Bd3 Bc4 20. Be4 Nxe4 21. Qxe4
Bd5 22. Qg4 Bf6 23. c3 Rfd8 24. Bg5 Bxg5 25. Qxg5 Rd7 26. Re1 Rad8 27. Rc2 f6
28. Qe3 e5 29. Nf5 Bb3 30. Rce2 Rd3 31. Qc1 Rd1 32. Qe3 R1d3 33. Qc1 Qd7 34.
Ne3 f5 35. Nf1 f4 36. Rxe5 Qf7 37. Ne3 fxe3 0-1

[Event "St-Chély d'Aubrac op"]
[Site "Saint-Chély d'Aubrac (12)"]
[Date "2008.07.18"]
[Round "8.18"]
[White "Robert, Thierry"]
[Black "Martinez, Loic"]
[Result "1-0"]
[WhiteElo "1862"]
[BlackElo "1737"]
[PlyCount "57"]
[EventDate "2008.07.??"]
[EventType "swiss"]
[EventRounds "9"]
[EventCountry "FRA"]

1. e4 e5 2. Nf3 Nc6 3. d4 exd4 4. Nxd4 Bc5 5. Nf5 Qf6 6. Nc3 Nge7 7. Ne3 d6 8.
Bd3 Ne5 9. Be2 Bd7 10. O-O h5 11. Ned5 Nxd5 12. Nxd5 Qg6 13. Nxc7+ Kd8 14. Nxa8
Bh3 15. Bf3 Bg4 16. Kh1 Qf6 17. Be2 Qh4 18. Be3 Bxe2 19. Qxe2 Ng4 20. h3 Bxe3
21. fxe3 Qg3 22. hxg4 Qh4+ 23. Kg1 hxg4 24. Rf4 Qh1+ 25. Kf2 g3+ 26. Kxg3 Qxa1
27. Rxf7 Qxb2 28. Qg4 Qb5 29. Qxg7 1-0